000 00692nam a2200205Ii 4500
003 JO-AjNU
008 230605s9999||||xx |||||||||||||| ||und||
040 _aJO-AjNU
_bara
_erda
_cJO-AjNU
041 _aara
050 1 4 _aZ675.M4.D59 2006
100 3 _aدياب ، مفتاح محمد ,
_eauthor
_917743
245 0 0 _aمكتبات المستشفيات والمراكز الصحية
250 _aط1
264 3 1 _aعمان : دار الصفاء للنشر ،2006
300 _a258ص
336 _atext
_btxt
_2rdacontent
337 _aunmediated
_bn
_2rdamedia
338 _avolume
_bnc
_2rdacarrier
650 4 _aمكتبات المستشفيات-المكتبات المتخصخصة
_917744
999 _aA5546
_c9114
_d9114